02703cam a22004934i 4500003000900000005001700009008004100026020001500067020001800082035002000100040003300120049000900153082002200162245007700184264003500261300004500296336002100341337002500362338002300387504004800410504003300458505109300491526001001584526001001594526001001604526001001614526000801624526000801632526000801640526000801648526000801656526000801664526000801672650003501680650001901715700002701734910002801761942001401789994001401803596000601817999016001823980005501983952017102038PE-LiUPU20250731173115.0190320s2018 xxu rb 000 0 eng d a1628372028 a9781628372021 a(Sirsi) a251993 aPE-LiUPUbspacPE-LiUPUerda aPRUA04a220.60996bS322300aSea of readings :bthe Bible in the South Pacific /ceditor Jione Havea. 1aAtlanta :bSBL Press,c[2018]. axiii, 235 páginas ;c23 centímetros. atext2rdacontent aunmediated2rdamedia avolume2rdacarrier aBibliografía al final de cada capítulo. aÍndice: páginas 225-235.0 aIslander criticism : waters, ways, worries -- Island twists -- Island prodigals : encircling the void in Luke 15:11-32 with Albert Wendt -- Wet Bible : stor(y)ing Jonah with Sia Figiel -- Native texts : Samoan proverbial and wisdom sayings -- Ko e punake mo 'e ne ta'anga, pea mo e folofola (Composer, composition, and the canon) -- Island turns -- Lifting the tapu of sex : a tulou reading of the Song of Songs -- Brian Fiu Kolia -- Moses, both Hebrew and Egyptian : a Samoan Palagi reading of Exodus 2-3 -- Sipora (Zipporah), both native and foreigner : a marama iTaukei reading of Exodus 4:24-26 -- Not just a bimbo : a reading of Esther by a Singaporean immigrant in Aotearoa New Zealand -- The priestly ger (alien) meets the Samoan tagata ese (outsider) -- Jesus the fiaola (opportunity seeker) : a postcolonial Samoan reading of Matthew 7:24-8:22 -- Across the sea -- Is my island your island? : a response in three keys -- Not @ sea : finding and foraging among family resemblances across the oceans -- Going with the flow -- Ancient roots of the islander narrative of inferiority. aSEG42 aSEG41 aSEG40 aSEG39 aP94 aP87 aP86 aP85 aP77 aP76 aP3504aBiblia.pA.T.xAntigüedades.07aArqueología.1 aHavea, Jione,eeditor. adbmbkslcksld20190320 2ddccBOOK aC0bPEPRU a1 a220.60996 S3wDEWEYc31251i80052f2021-11-9g3lCCODEBUL1mBULp25.00r0sYtBOOKu2019-3-20xTEOLOGIAPP350COMPRAo.STAFF. Colección Teologíad31251 81gALBERTO SANCHEZ Responsable de Automatización r2025-12-02 00:00:00i4l0o220.60996 S3p80052te1v30.00w2019-03-20xFTyBKzinventario-2023-12-13102ddc50708GENfP35aBULbBULcGENd2019-03-20eCOMPRAg25.00